000 00321pab a2200145 454500
008 180718b1988 xxu||||| |||| 00| 0 eng d
100 _aNanda, Sudip Kumar
245 _aDrought and its fall - out
260 _c1988
300 _a11-12
362 _a2 Jan.
650 _aDrought
773 _aMainstream
909 _a7410
999 _c7410
_d7410